000 00638nam a2200229 a 4500
008 951213s1977||||CS 0 slo c
020 _c28 Kčs.
_q(4000 výtl.)
040 _aSNK
_bslo
_cSNK
_eAACR2
044 _axo
_cSK
080 _a882-3
100 1 _aLipatov, Viľ
245 1 0 _aPosledný deň života
_cViľ Lipatov ; Hana Lerchová, Milan Veselý
250 _a1., vyd.
260 _aBratislava
_bSmena
_c1977
_eBratislava
_fPravda
300 _a391 s., 27,86 AH
_c20 cm
490 0 _aŠtafeta
500 _aTit. dvojlist.
700 1 _aLerchová, Hana
_4prk
700 1 _aVeselý, Milan
_4gup
041 _aslo
958 _aA
999 _c11994
_d11994